Datum a čas kvízu
24.5
Celkem bodů
Celkový počet nahraných bodů na tomto kvízu bez doplňovacích otázek.
5.
Pořadí na kvízu
Konečné umístění týmu na tomto kvízu.
Zaznamenané odpovědi
| # | Otázka | Odpověď | Body | Výsledky |
|---|---|---|---|---|
| 1. | Centrum pro výzkum veřejného m... | 1C 2A 3D 4B | 1 | |
| 2. | Dvacetiletá Árifa Sultánaová z... | má dvě dělohy (uznáváme i zdvojenou dělohu) | 1 | |
| 3. | Po deseti letech výstavby otev... | o Kataru | 0 | |
| 4. | Po Zootu se v problémech ocitá... | Kulina.cz | 1 | |
| 5. | Fotbalistům Colchesteru United... | hamburger | 0 | |
| 6. | Vaším úkolem bude uhodnout kře... | Jaroslav / Tomáš Satoranský | 0 | |
| 7. | Nejstarší muž z naší trojice b... | Otokar / Karel / Michal Březina | 0.5 | |
| 8. | Nejstarším z další trojice je... | Emanuel / David Moravec; Nikol Moravcová | 0 | |
| 9. | Slovenský jazzový a bluesový z... | Peter / Dua Lipa | 0 | |
| 10. | Americký politik a aktivista,... | John / James / Melanie Brown | 0 |